One Piece Devil Fruits Quiz Stats

 Plays Quiz not verified by Sporcle

Support Sporcle.
Go Orange.
Score 0/117 Timer 15:00
0 Plays Today
% Correct
Gum Gum Fruit
97.7%
Flower Flower Fruit
84.5%
Flame Flame Fruit
82.2%
Human Human Fruit
80.5%
Sand Sand Fruit
79.9%
Plume Plume Fruit
79.8%
Wax Wax Fruit
78.9%
Chop Chop Fruit
78.6%
Chilly Chilly Fruit
78.5%
Glint Glint Fruit
76.8%
Shadow Shadow Fruit
76.7%
Slip Slip Fruit
76%
Dark Dark Fruit
74.8%
Spring Spring Fruit
74.6%
Love Love Fruit
74.5%
Slow Slow Fruit
74.3%
String String Fruit
74.2%
Magma Magma Fruit
73.5%
Revive Revive Fruit
73.4%
Door Door Fruit
73.1%
Boom Boom Fruit
72.4%
Paw Paw Fruit
70.8%
Bubble Bubble Fruit
69.8%
Hollow Hollow Fruit
69.5%
Dice Dice Fruit
67.8%
Kilo Kilo Fruit
67.8%
Ox Ox Fruit Model: Giraffe
67.3%
Gas Gas Fruit
66.6%
Spike Spike Fruit
66%
Soul Soul Fruit
65%
Rumble Rumble Fruit
64.9%
Horm Horm Fruit
64.3%
Munch Munch Fruit
64%
Dog Dog Fruit Model: Wolf
63.9%
Cat Cat Fruit Model: Leopard
63.8%
Ope Ope Fruit
62.5%
Clone Clone Fruit
61.3%
Mole Mole Fruit
61.2%
Snow Snow Fruit
61%
% Correct
Bird Bird Fruit Model: Phoenix
60.2%
Bind Bind Fruit
60%
Magnet Magnet Fruit
59.1%
Elephant Elephant Fruit
58.3%
Rust Rust Fruit
57.8%
Heat Heat Fruit
57.6%
Human Human Fruit Model: Daibutsu
57.2%
Stone Stone Fruit
57%
Bari Bari Fruit
56.5%
Bird Bird Fruit Model: Falcon
56.4%
Dragon Dragon Fruit Model: Allosaurus
55.9%
Weapon Weapon Fruit
55.9%
Venom Venom Fruit
55.6%
Music Music Fruit
54.8%
Diamond Diamond Fruit
54.8%
Snake Snake Fruit Model: King Cobra
54.8%
Swim Swim Fruit
54.3%
Mirror Mirror Fruit
54%
Age Age Fruit
53.5%
Clear Clear Fruit
53.3%
Bisc Bisc Fruit
52.6%
Snake Snake Fruit Model: Anaconda
52.4%
Memo Memo Fruit
51.7%
Heal Heal Fruit
51.5%
Tremor Tremor Fruit
51.4%
Swamp Swamp Fruit
51.4%
Mochi Mochi Fruit
51.3%
Horse Horse Fruit
51.3%
Lick Lick Fruit
50.2%
Egg Egg Fruit
48.1%
Elephant Elephant Fruit Model: Mammoth
48.1%
Dog Dog Fruit Model: Jackal
47.8%
Ton Ton Fruit
47.6%
Berry Berry Fruit
47.4%
Snip Snip Fruit
47.4%
Calm Calm Fruit
46.5%
Ox Ox Fruit Model: Bison
46.2%
Straw Straw Fruit
45.4%
Jake Jake Fruit
44.3%
% Correct
Wash Wash Fruit
43.8%
Time Time Fruit
42.3%
Art Art Fruit
42.3%
Castle Castle Fruit
41.9%
Float Float Fruit
41.7%
Sticky Sticky Fruit
39.1%
Hobby Hobby Fruit
38.6%
Rotor Rotor Fruit
38.4%
Clothes Clothes Fruit
37.5%
Turtle Turtle Fruit
37.1%
Target Target Fruit
36.8%
Book Book Fruit
36.4%
Sala Sala Fruit Model: Axolotl
34.2%
Stitch Stitch Fruit
33.5%
Bug Bug Fruit Model: Hornet
32.7%
Dog Dog Fruit Model: Dalmation
32.7%
Wheel Wheel Fruit
31.8%
Dog Dog Fruit Model: Nine-Tailed Fox
30.6%
Spider Spider Fruit
30.5%
Dog Dog Fruit Model: Dachshund
30.4%
Wing Wing Fruit
29.3%
Puff Puff Fruit
29.3%
Dragon Dragon Fruit Model: Brachiosaurus
29.1%
Bug Bug Fruit Model: Rhinocerous Beetle
27.4%
Glare Glare Fruit
22.1%
Pocket Pocket Fruit
21.8%
Bird Bird Fruit Model: Albatross
21.8%
Dragon Dragon Fruit Model: Spinosaurus
20%
Butter Butter Fruit
18.2%
Pam Pam Fruit
17.9%
Flutter Flutter Fruit
16.6%
Push Push Fruit
16.4%
Bug Bug Fruit Model: Caterpillar
16%
Dog Dog Fruit Model: Tanuki
14.5%
Ripe Ripe Fruit
13.8%
Dragon Dragon Fruit Model: Pachycephalosaurus
12.7%
Mix Mix Fruit
12.7%
Pep Pep Fruit
2.2%
Dragon Dragon Fruit Model: Pteranodon
1.8%

You're not logged in!

Compare scores with friends on all Sporcle quizzes.
OR
Log In

From the Vault

One Artist, Two Different Number Ones

by B_Awesome_87

These artists all made a successful journey across the Atlantic.

You Might Also Like...

Remove Ads.
Support Sporcle.
Get the best of Sporcle when you Go Orange. This ad-free experience offers more features, more stats, and more fun while also helping to support Sporcle. Thank you for becoming a member.

Show Comments

Extras

Created Mar 3, 2011ReportNominate
Tags:One Piece

Top Quizzes Today


Score Distribution

Your Account Isn't Verified!

In order to create a playlist on Sporcle, you need to verify the email address you used during registration. Go to your Sporcle Settings to finish the process.

Report this User

Report this user for behavior that violates our Community Guidelines.

Details: